[Event "8. Copenhagen Open Politiken Cup"]
[Site "Copenhagen"]
[Date "1986.??.??"]
[Round "3"]
[White "Brinck Claussen, Bjorn"]
[Black "Jacoby, Gisbert"]
[Result "1/2-1/2"]
[WhiteElo "2375"]
[BlackElo "2290"]
[PlyCount "54"]
[EventDate "1986.??.??"]
[EventType "swiss"]
[EventRounds "10"]
[EventCountry "DEN"]
[SourceDate "2004.01.01"]

1. d4 d5 2. c4 dxc4 3. e3 e6 4. Bxc4 Nf6 5. Nf3 a6 6. O-O c5 7. a4 Nc6 8. Qe2
cxd4 9. Rd1 Be7 10. exd4 O-O 11. Nc3 Nd5 12. Bd3 Ncb4 13. Bb1 b6 14. Ne5 Bb7
15. a5 bxa5 16. Ra3 Rc8 17. Ne4 f5 18. Nc3 Bg5 19. Nf3 Bxc1 20. Qxe6+ Kh8 21.
Rxc1 Nxc3 22. Raxc3 Bxf3 23. gxf3 Rxc3 24. Rxc3 Nd5 25. Rc5 Nf4 26. Qxf5 Rxf5
27. Bxf5 Nd3 1/2-1/2

[Event "8. Copenhagen Open Politiken Cup"]
[Site "Copenhagen"]
[Date "1986.??.??"]
[Round "3"]
[White "De Boer, Gert Jan"]
[Black "Chernin, Alexander"]
[Result "1/2-1/2"]
[WhiteElo "2430"]
[BlackElo "2570"]
[PlyCount "60"]
[EventDate "1986.??.??"]
[EventType "swiss"]
[EventRounds "10"]
[EventCountry "DEN"]
[SourceDate "2004.01.01"]

1. d4 d5 2. c4 c6 3. Nf3 Nf6 4. Nc3 e6 5. Bg5 h6 6. Bh4 Be7 7. e3 Nbd7 8. Rc1
O-O 9. Qc2 a6 10. cxd5 cxd5 11. Bd3 b5 12. O-O Bb7 13. a4 b4 14. Nb1 Bd6 15.
Bg3 Bxg3 16. hxg3 Rc8 17. Qe2 Qa5 18. b3 Ne4 19. Qb2 Nd6 20. Rxc8 Rxc8 21. Rc1
Qb6 22. Rxc8+ Nxc8 23. Qc2 Ne7 24. Nbd2 Qc6 25. Ne5 Nxe5 26. dxe5 Qxc2 27. Bxc2
Nc6 28. f4 f6 29. Nf3 Kf7 30. Nd4 f5 1/2-1/2

[Event "8. Copenhagen Open Politiken Cup"]
[Site "Copenhagen"]
[Date "1986.??.??"]
[Round "3"]
[White "Hartung Nielsen, Jens"]
[Black "Clausen, Steen"]
[Result "1-0"]
[WhiteElo "2290"]
[BlackElo "2295"]
[PlyCount "79"]
[EventDate "1986.??.??"]
[EventType "swiss"]
[EventRounds "10"]
[EventCountry "DEN"]
[SourceDate "2004.01.01"]

1. d4 Nf6 2. Nf3 c5 3. e3 e6 4. Bd3 d5 5. b3 Nc6 6. O-O b6 7. Bb2 Bb7 8. Nbd2
Bd6 9. a3 Rc8 10. Ne5 O-O 11. f4 Ne7 12. Qe2 Ne4 13. c4 f6 14. Nef3 Ng6 15.
Rad1 Qe7 16. dxc5 bxc5 17. Nb1 Rfd8 18. Qc2 f5 19. Nc3 Nxc3 20. Bxc3 d4 21.
exd4 Nxf4 22. d5 Nxd3 23. Qxd3 exd5 24. cxd5 Qe4 25. Qd2 Bf4 26. Qb2 Rxd5 27.
Rde1 Be3+ 28. Kh1 f4 29. Bxg7 Qg6 30. Bc3 Rh5 31. Qe2 Ba6 32. Qd1 Bxf1 33. Rxf1
Qe6 34. h3 Qd5 35. Qe2 Rd8 36. Nh2 Rg5 37. Ng4 Qd3 38. Rxf4 Qd1+ 39. Rf1 Qxe2
40. Nh6# 1-0

[Event "8. Copenhagen Open Politiken Cup"]
[Site "Copenhagen"]
[Date "1986.??.??"]
[Round "3"]
[White "Hoi, Carsten"]
[Black "Murey, Jacob"]
[Result "0-1"]
[WhiteElo "2405"]
[BlackElo "2460"]
[PlyCount "80"]
[EventDate "1986.??.??"]
[EventType "swiss"]
[EventRounds "10"]
[EventCountry "DEN"]
[SourceDate "2004.01.01"]

1. d4 Nf6 2. Nc3 d5 3. Bg5 e6 4. e4 Bb4 5. exd5 Qxd5 6. Bxf6 Bxc3+ 7. bxc3 gxf6
8. Nf3 b6 9. g3 Nd7 10. Bg2 Ba6 11. Kd2 O-O-O 12. Re1 Qa5 13. Re3 Ne5 14. Nxe5
fxe5 15. d5 f6 16. Qg4 f5 17. Qb4 Qxb4 18. cxb4 e4 19. g4 Rhg8 20. f3 exd5 21.
fxe4 dxe4+ 22. Kc3 Rxg4 23. Bh3 Rf4 24. Rg1 Kb8 25. Rg7 Rf2 26. Kb3 f4 27. Rc3
e3 28. b5 e2 29. bxa6 e1=Q 30. Rgxc7 Qb1+ 31. Ka3 Rf3 32. Rb7+ Ka8 33. Rxf3 Rd4
34. Rb3 Qc1+ 35. Rb2 Rb4 36. Kxb4 Qxb2+ 37. Ka4 Qxa2+ 38. Kb5 Qb2+ 39. Kc6
Qxc2+ 40. Kd7 Qd3+ 0-1

[Event "8. Copenhagen Open Politiken Cup"]
[Site "Copenhagen"]
[Date "1986.??.??"]
[Round "3"]
[White "Horvath, Tamas"]
[Black "Fette, Martin"]
[Result "1/2-1/2"]
[WhiteElo "2395"]
[BlackElo "2320"]
[PlyCount "62"]
[EventDate "1986.??.??"]
[EventType "swiss"]
[EventRounds "10"]
[EventCountry "DEN"]
[SourceDate "2004.01.01"]

1. e4 c6 2. d4 d5 3. Nd2 dxe4 4. Nxe4 Bf5 5. Ng3 Bg6 6. h4 h6 7. f4 e6 8. h5
Bh7 9. Nf3 Nd7 10. Bd3 Bxd3 11. Qxd3 Bd6 12. Qe2 Ngf6 13. Bd2 O-O 14. Ne4 Nxe4
15. Qxe4 Qb6 16. O-O-O c5 17. g4 Nf6 18. Qe2 Nxg4 19. Rdg1 f5 20. Qxe6+ Rf7 21.
d5 Qc7 22. Rxg4 fxg4 23. Ne5 Bxe5 24. fxe5 Kh8 25. Re1 Rf2 26. Qxg4 Rxd2 27.
Kxd2 Qa5+ 28. Kd1 Qxa2 29. b3 Rf8 30. e6 Rf2 31. Re2 Rf1+ 1/2-1/2

[Event "8. Copenhagen Open Politiken Cup"]
[Site "Copenhagen"]
[Date "1986.??.??"]
[Round "3"]
[White "Kaspersen, Morten"]
[Black "Poulsen, Allan"]
[Result "0-1"]
[WhiteElo "2215"]
[BlackElo "2315"]
[PlyCount "34"]
[EventDate "1986.??.??"]
[EventType "swiss"]
[EventRounds "10"]
[EventCountry "DEN"]
[SourceDate "2004.01.01"]

1. Nf3 d5 2. d4 e6 3. c4 c5 4. e3 Nc6 5. Nc3 Nf6 6. cxd5 exd5 7. Be2 cxd4 8.
Nxd4 Bd6 9. Bf3 O-O 10. O-O Re8 11. Nce2 Ne4 12. b3 Ne5 13. Bb2 Bg4 14. Ng3 Qh4
15. Bxg4 Nxg4 16. Nf3 Qh6 17. h3 Nxg3 0-1

[Event "8. Copenhagen Open Politiken Cup"]
[Site "Copenhagen"]
[Date "1986.??.??"]
[Round "3"]
[White "Knudsen, Jes West"]
[Black "Bjerring, Kai"]
[Result "1/2-1/2"]
[WhiteElo "2240"]
[BlackElo "2315"]
[PlyCount "92"]
[EventDate "1986.??.??"]
[EventType "swiss"]
[EventRounds "10"]
[EventCountry "DEN"]
[SourceDate "2004.01.01"]

1. Nf3 g6 2. g3 Bg7 3. Bg2 e5 4. e4 Ne7 5. d4 exd4 6. Nxd4 Nbc6 7. Be3 O-O 8.
Nc3 d6 9. Qd2 f5 10. Nxc6 bxc6 11. Bd4 Bxd4 12. Qxd4 fxe4 13. Nxe4 Nd5 14. O-O
Bd7 15. Rad1 Qe7 16. c4 Nf6 17. Rfe1 Nxe4 18. Rxe4 Qf6 19. Qxf6 Rxf6 20. Re7
Rd8 21. Rde1 Rf7 22. R1e3 Rb8 23. b3 Kf8 24. Rxf7+ Kxf7 25. f4 c5 26. Bd5+ Kf6
27. Be4 a5 28. Kg2 a4 29. h3 axb3 30. axb3 h5 31. Bc2 Ra8 32. Bd1 Ra1 33. Bf3
Ra2+ 34. Re2 Rxe2+ 35. Bxe2 Bf5 36. Bd1 c6 37. g4 hxg4 38. hxg4 Be4+ 39. Bf3
Bc2 40. Bxc6 Bxb3 41. Bd5 g5 42. Kg3 Bc2 43. Bf3 Bd3 44. Bd5 Be2 45. Bg8 Bd1
46. Bd5 Be2 1/2-1/2

[Event "8. Copenhagen Open Politiken Cup"]
[Site "Copenhagen"]
[Date "1986.??.??"]
[Round "3"]
[White "Sinkovics, Peter"]
[Black "Sehner, Norbert"]
[Result "1-0"]
[WhiteElo "2415"]
[BlackElo "2375"]
[PlyCount "80"]
[EventDate "1986.??.??"]
[EventType "swiss"]
[EventRounds "10"]
[EventCountry "DEN"]
[SourceDate "2004.01.01"]

1. d4 d5 2. c4 e6 3. Nf3 c6 4. Qc2 Nf6 5. Bg5 Be7 6. Nbd2 Nbd7 7. e3 h6 8. Bh4
O-O 9. Bd3 Ne8 10. Bxe7 Qxe7 11. O-O Nef6 12. Rfe1 b6 13. e4 Bb7 14. cxd5 cxd5
15. e5 Nh5 16. Qc7 Rab8 17. Bb5 Rfd8 18. g3 g6 19. Rac1 Ng7 20. Nf1 Ne8 21. Qc3
Rbc8 22. Qd2 Kg7 23. Ne3 Nc7 24. Ng4 Rh8 25. Bxd7 Qxd7 26. h4 Ne8 27. Qf4 Qe7
28. Rxc8 Bxc8 29. Rc1 Ba6 30. Qd2 h5 31. Ngh2 Nc7 32. Ng5 Rc8 33. Rc3 Ne8 34.
Rf3 f5 35. exf6+ Nxf6 36. Qe3 Rc6 37. Qe5 Rc1+ 38. Kg2 Bc8 39. Nf1 Rc2 40. Ne3
Qd8 1-0

[Event "8. Copenhagen Open Politiken Cup"]
[Site "Copenhagen"]
[Date "1986.??.??"]
[Round "3"]
[White "Stein, Bernd"]
[Black "Kruszynski, Wlodzimierz"]
[Result "1/2-1/2"]
[WhiteElo "2405"]
[BlackElo "2360"]
[PlyCount "66"]
[EventDate "1986.??.??"]
[EventType "swiss"]
[EventRounds "10"]
[EventCountry "DEN"]
[SourceDate "2004.01.01"]

1. b3 e5 2. Bb2 Nc6 3. c4 Nf6 4. e3 d5 5. cxd5 Nxd5 6. a3 a5 7. Qc2 Bd6 8. Nf3
Qe7 9. d3 O-O 10. Nbd2 Bd7 11. Be2 Rae8 12. Ne4 Kh8 13. O-O f5 14. Nxd6 cxd6
15. Rfe1 Be6 16. Rac1 Rf6 17. Ng5 Bg8 18. Bf1 Rh6 19. f4 Qd8 20. Qf2 Rg6 21.
Be2 exf4 22. exf4 Nxf4 23. Qxf4 Qxg5 24. Qxg5 Rxg5 25. Bf3 Rxe1+ 26. Rxe1 h6
27. Re8 Kh7 28. Bxc6 bxc6 29. Rd8 Bxb3 30. Rxd6 Rg6 31. Rxg6 Kxg6 32. Bc3 a4
33. Kf2 Kf7 1/2-1/2

[Event "8. Copenhagen Open Politiken Cup"]
[Site "Copenhagen"]
[Date "1986.??.??"]
[Round "3"]
[White "Sorensen, Henrik"]
[Black "Ostenstad, Berge"]
[Result "1-0"]
[WhiteElo "2250"]
[BlackElo "2370"]
[PlyCount "113"]
[EventDate "1986.??.??"]
[EventType "swiss"]
[EventRounds "10"]
[EventCountry "DEN"]
[SourceDate "2004.01.01"]

1. d4 c5 2. c3 b6 3. Bg5 Bb7 4. Nd2 Nf6 5. Ngf3 e6 6. e4 h6 7. Bxf6 Qxf6 8. Bd3
Qd8 9. O-O cxd4 10. cxd4 Be7 11. Re1 O-O 12. Qe2 d6 13. a3 a6 14. Rad1 Nd7 15.
e5 dxe5 16. dxe5 Qb8 17. Bb1 Rd8 18. h4 b5 19. h5 Qc7 20. Rc1 Qb6 21. Ne4 Nf8
22. Rcd1 Bd5 23. Nh2 Bb3 24. Rxd8 Rxd8 25. Ng4 Qd4 26. Nxh6+ gxh6 27. Qg4+ Kh8
28. Qf4 Bg5 29. Qg3 Bc4 30. Nxg5 hxg5 31. Qxg5 Nh7 32. Qh6 Bd3 33. Rd1 Qxb2 34.
Qd2 Qxe5 35. h6 Ng5 36. Bxd3 Rg8 37. Be2 Nh3+ 38. Kf1 Nf4 39. Bf3 Qf6 40. g3
Ng6 41. Bg2 Kh7 42. Qd4 Qf5 43. Qe4 Qc5 44. Rd7 Qc1+ 45. Qe1 Rc8 46. Rxf7+ Kxh6
47. Be4 Qg5 48. Kg2 Rc1 49. Qe2 e5 50. Bxg6 Kxg6 51. Ra7 Qf5 52. Rxa6+ Kg7 53.
Qe3 Rd1 54. Qh6+ Kf7 55. Ra7+ Rd7 56. Rxd7+ Qxd7 57. Qh7+ 1-0

[Event "8. Copenhagen Open Politiken Cup"]
[Site "Copenhagen"]
[Date "1986.??.??"]
[Round "3"]
[White "Varasdy, Imre"]
[Black "Lind, Jan Olov"]
[Result "1/2-1/2"]
[WhiteElo "2350"]
[BlackElo "2260"]
[PlyCount "136"]
[EventDate "1986.??.??"]
[EventType "swiss"]
[EventRounds "10"]
[EventCountry "DEN"]
[SourceDate "2004.01.01"]

1. d4 Nf6 2. c4 g6 3. Nc3 Bg7 4. e4 d6 5. f3 O-O 6. Bg5 c5 7. d5 e6 8. Qd2 exd5
9. cxd5 Re8 10. Nge2 a6 11. Ng3 b5 12. Be2 Nbd7 13. a4 b4 14. Nd1 a5 15. Rc1
Ba6 16. b3 Bxe2 17. Nxe2 h6 18. Bf4 Nb6 19. O-O Kh7 20. Ne3 Nh5 21. Nc4 Nxf4
22. Nxf4 Nxc4 23. Rxc4 Qg5 24. Rd1 Bc3 25. Qc1 Bd4+ 26. Kh1 Be5 27. Nd3 Qh4 28.
Nxe5 Rxe5 29. g3 Qh3 30. Qf4 Kg7 31. g4 Rae8 32. Rg1 Qh4 33. Rc2 Qg5 34. Qd2
Qxd2 35. Rxd2 Kh7 36. Rdg2 Rc8 37. Rc2 Rc7 38. Re1 f5 39. Kg2 fxe4 40. fxe4 Rf7
41. Rf2 Kg7 42. Rxf7+ Kxf7 43. Rf1+ Ke7 44. Kf3 h5 45. h3 hxg4+ 46. hxg4 Kd7
47. Ke3 Re7 48. Rf6 Rh7 49. Rxg6 Rh3+ 50. Kf4 Rxb3 51. Rg7+ Kc8 52. e5 dxe5+
53. Kxe5 Rf3 54. d6 b3 55. Rc7+ Kd8 56. Rxc5 b2 57. Rb5 Re3+ 58. Kf4 Ra3 59.
Rxb2 Rxa4+ 60. Kf5 Kd7 61. Rb6 Rd4 62. Rb5 Rxd6 63. Re5 a4 64. g5 a3 65. g6 a2
66. Re1 Rd2 67. g7 Rg2 68. Kf6 Kc6 1/2-1/2

[Event "8. Copenhagen Open Politiken Cup"]
[Site "Copenhagen"]
[Date "1986.??.??"]
[Round "3"]
[White "Wiedenkeller, Michael"]
[Black "Knudsen, Per"]
[Result "1-0"]
[WhiteElo "2455"]
[BlackElo "2325"]
[PlyCount "61"]
[EventDate "1986.??.??"]
[EventType "swiss"]
[EventRounds "10"]
[EventCountry "DEN"]
[SourceDate "2004.01.01"]

1. c4 Nf6 2. Nc3 c5 3. g3 e6 4. Nf3 b6 5. Bg2 Bb7 6. O-O Be7 7. d4 d6 8. d5
exd5 9. Nh4 Qd7 10. cxd5 b5 11. e4 g6 12. Bh6 Na6 13. a4 Nc7 14. e5 dxe5 15.
Bg7 Rg8 16. Bxf6 Bxf6 17. Ne4 Be7 18. d6 Bxe4 19. Bxe4 Bxd6 20. Bxa8 Nxa8 21.
axb5 Ke7 22. Qd2 Rb8 23. Rfd1 Rxb5 24. Rxa7 Nc7 25. Nf3 c4 26. Ng5 Rb6 27. Nxh7
f6 28. Qh6 Qf5 29. Qg7+ Ke6 30. Nf8+ Bxf8 31. Qd7# 1-0

[Event "8. Copenhagen Open Politiken Cup"]
[Site "Copenhagen"]
[Date "1986.??.??"]
[Round "4"]
[White "Berg, Klaus"]
[Black "Knudsen, Jes West"]
[Result "1-0"]
[WhiteElo "2375"]
[BlackElo "2240"]
[PlyCount "105"]
[EventDate "1986.??.??"]
[EventType "swiss"]
[EventRounds "10"]
[EventCountry "DEN"]
[SourceDate "2004.01.01"]

1. e4 c5 2. Nf3 a6 3. c3 d6 4. d4 Nd7 5. Bg5 Qb6 6. Qc2 g6 7. Bc4 Bg7 8. O-O
Qc7 9. Nbd2 Ngf6 10. Rfe1 e5 11. dxe5 Nxe5 12. Nxe5 dxe5 13. a4 O-O 14. a5 Bd7
15. Bxf6 Bxf6 16. Bd5 Bb5 17. Nc4 Bxc4 18. Bxc4 Rfb8 19. Red1 Rd8 20. Bd5 Rab8
21. Qe2 Kg7 22. Qc4 Rd6 23. g3 g5 24. Kg2 Bd8 25. h3 h5 26. Rd2 h4 27. Rad1 b5
28. axb6 Rbxb6 29. Bxf7 hxg3 30. Rxd6 Rxd6 31. Rxd6 Qxd6 32. Kxg3 Qd1 33. Be8
Qg1+ 34. Kf3 g4+ 35. Ke2 gxh3 36. Qf7+ Kh6 37. Qh5+ Kg7 38. Qf7+ Kh8 39. Qh5+
Kg7 40. Qxh3 Bf6 41. Qd7+ Kh6 42. Qe6 Qg5 43. Bd7 Qh5+ 44. f3 Qh2+ 45. Kd3 c4+
46. Kxc4 Qe2+ 47. Kc5 Qxf3 48. Qh3+ Qxh3 49. Bxh3 a5 50. Kb5 Bd8 51. b4 axb4
52. cxb4 Kg6 53. Kc4 1-0

[Event "8. Copenhagen Open Politiken Cup"]
[Site "Copenhagen"]
[Date "1986.??.??"]
[Round "4"]
[White "Chernin, Alexander"]
[Black "Jakobsen, Ole"]
[Result "1/2-1/2"]
[WhiteElo "2570"]
[BlackElo "2385"]
[PlyCount "29"]
[EventDate "1986.??.??"]
[EventType "swiss"]
[EventRounds "10"]
[EventCountry "DEN"]
[SourceDate "2004.01.01"]

1. d4 Nf6 2. c4 c5 3. e3 g6 4. Nc3 Bg7 5. Nf3 O-O 6. Be2 cxd4 7. exd4 d5 8. O-O
Nc6 9. h3 b6 10. Ne5 Bb7 11. Bf3 Na5 12. Re1 Rc8 13. b3 Re8 14. Ba3 dxc4 15.
Bxb7 1/2-1/2

[Event "8. Copenhagen Open Politiken Cup"]
[Site "Copenhagen"]
[Date "1986.??.??"]
[Round "4"]
[White "Clausen, Steen"]
[Black "Rewitz, Poul"]
[Result "0-1"]
[WhiteElo "2295"]
[BlackElo "2295"]
[PlyCount "68"]
[EventDate "1986.??.??"]
[EventType "swiss"]
[EventRounds "10"]
[EventCountry "DEN"]
[SourceDate "2004.01.01"]

1. d4 g6 2. e4 Bg7 3. Nc3 c6 4. h4 d5 5. exd5 cxd5 6. h5 Nc6 7. Be3 Nh6 8. Bb5
Nf5 9. Qf3 a6 10. Ba4 b5 11. Bb3 Ncxd4 12. Bxd4 Nxd4 13. Qxd5 Nxc2+ 14. Kf1
Qxd5 15. Bxd5 Nxa1 16. Bxa8 Bxc3 17. bxc3 O-O 18. Be4 Be6 19. Bb1 Rd8 20. Ke2
Bc4+ 21. Ke1 Bd3 22. Bxd3 Rxd3 23. hxg6 hxg6 24. Rh3 Nc2+ 25. Ke2 Rd6 26. Nf3
Kg7 27. Rh4 Na3 28. Nd2 Rc6 29. Kd3 e5 30. Re4 f5 31. Re1 e4+ 32. Nxe4 fxe4+
33. Rxe4 Kf6 34. Kd4 Rc4+ 0-1

[Event "8. Copenhagen Open Politiken Cup"]
[Site "Copenhagen"]
[Date "1986.??.??"]
[Round "4"]
[White "Ernst, Thomas"]
[Black "Vadasz, Laszlo"]
[Result "1-0"]
[WhiteElo "2455"]
[BlackElo "2370"]
[PlyCount "61"]
[EventDate "1986.??.??"]
[EventType "swiss"]
[EventRounds "10"]
[EventCountry "DEN"]
[SourceDate "2004.01.01"]

1. e4 d6 2. d4 Nf6 3. f3 c5 4. d5 e6 5. c4 exd5 6. cxd5 Na6 7. Nc3 Nc7 8. Bd3
a6 9. a4 b6 10. Nge2 Rb8 11. Rb1 b5 12. axb5 Nxb5 13. Nxb5 axb5 14. b4 c4 15.
Bc2 Bd7 16. O-O Be7 17. Be3 O-O 18. e5 Ne8 19. f4 Bg4 20. Be4 Nc7 21. h3 Bxe2
22. Qxe2 dxe5 23. fxe5 Nxd5 24. Rbd1 Nc3 25. Bxh7+ Kxh7 26. Qc2+ Kg8 27. Rxd8
Rfxd8 28. Qxc3 Rd3 29. Qe1 Bxb4 30. Qxb4 Rxe3 31. Qc5 1-0

[Event "8. Copenhagen Open Politiken Cup"]
[Site "Copenhagen"]
[Date "1986.??.??"]
[Round "4"]
[White "Jacoby, Gisbert"]
[Black "Horvath, Tamas"]
[Result "0-1"]
[WhiteElo "2290"]
[BlackElo "2395"]
[PlyCount "86"]
[EventDate "1986.??.??"]
[EventType "swiss"]
[EventRounds "10"]
[EventCountry "DEN"]
[SourceDate "2004.01.01"]

1. e4 c5 2. Nf3 e6 3. d4 cxd4 4. Nxd4 Nf6 5. Nc3 Nc6 6. Ndb5 d6 7. Bf4 e5 8.
Bg5 a6 9. Na3 b5 10. Nab1 Ne7 11. Bxf6 gxf6 12. a4 b4 13. Nd5 Nxd5 14. Qxd5 Ra7
15. Bc4 Rg8 16. g3 Bh6 17. Qd3 f5 18. Bd5 Qg5 19. Nd2 Qxd2+ 20. Qxd2 Bxd2+ 21.
Kxd2 fxe4 22. Bxe4 f5 23. Bd5 Rg4 24. Rhd1 Ke7 25. f3 Rd4+ 26. Ke2 Rxd1 27.
Rxd1 Rc7 28. Rd2 Bd7 29. Bb3 Rc5 30. Kd3 Be6 31. Bxe6 Kxe6 32. g4 fxg4 33. fxg4
Rd5+ 34. Ke3 Ra5 35. b3 Rc5 36. Rf2 Rc3+ 37. Kd2 Rh3 38. a5 Kd5 39. Re2 e4 40.
Ke1 e3 41. Kf1 Ke4 42. Kg2 Rxh2+ 43. Kxh2 Kf3 0-1

[Event "8. Copenhagen Open Politiken Cup"]
[Site "Copenhagen"]
[Date "1986.??.??"]
[Round "4"]
[White "Kruszynski, Wlodzimierz"]
[Black "Sinkovics, Peter"]
[Result "1-0"]
[WhiteElo "2360"]
[BlackElo "2415"]
[PlyCount "79"]
[EventDate "1986.??.??"]
[EventType "swiss"]
[EventRounds "10"]
[EventCountry "DEN"]
[SourceDate "2004.01.01"]

1. e4 e6 2. d4 d5 3. Nd2 Nf6 4. e5 Nfd7 5. Bd3 c5 6. c3 Nc6 7. Ne2 Qb6 8. Nf3
cxd4 9. cxd4 Bb4+ 10. Bd2 f6 11. exf6 Nxf6 12. O-O Bd6 13. Rb1 O-O 14. Bf4 Bxf4
15. Nxf4 Ne4 16. Ne2 Rxf3 17. gxf3 Ng5 18. f4 Nf3+ 19. Kh1 e5 20. dxe5 Bg4 21.
Bf5 Bxf5 22. Qxd5+ Kh8 23. Qxf3 Qb4 24. Ng3 Bxb1 25. Rxb1 Rf8 26. f5 Nxe5 27.
Qg2 Nd3 28. Rd1 Rd8 29. Kg1 Qxb2 30. Nh5 Rd7 31. Qe4 Qxf2+ 32. Kh1 Rd8 33. Nf4
Qxa2 34. Rxd3 Qb1+ 35. Kg2 Qb2+ 36. Kg3 Rc8 37. Qe6 Qc1 38. Ne2 Qg5+ 39. Kf2
Rf8 40. Rf3 1-0

[Event "8. Copenhagen Open Politiken Cup"]
[Site "Copenhagen"]
[Date "1986.??.??"]
[Round "4"]
[White "Lind, Jan Olov"]
[Black "Knudsen, Per"]
[Result "1/2-1/2"]
[WhiteElo "2260"]
[BlackElo "2325"]
[PlyCount "94"]
[EventDate "1986.??.??"]
[EventType "swiss"]
[EventRounds "10"]
[EventCountry "DEN"]
[SourceDate "2004.01.01"]

1. e4 e6 2. d3 c5 3. Nf3 Nc6 4. g3 g6 5. Bg2 Bg7 6. O-O Nge7 7. Nbd2 O-O 8. a3
Qc7 9. Rb1 a5 10. a4 d6 11. Nc4 h6 12. Na3 Bd7 13. Nb5 Qb8 14. Be3 f5 15. e5
Nxe5 16. Nxe5 Bxe5 17. Bxh6 Rf7 18. Re1 Bf6 19. Qd2 e5 20. Bg5 Bg7 21. h4 Bc6
22. Bxe7 Rxe7 23. Qg5 Re6 24. h5 Qd8 25. Qxd8+ Rxd8 26. Nc7 Re7 27. Nd5 Bxd5
28. Bxd5+ Kh7 29. hxg6+ Kxg6 30. c3 b6 31. Kg2 Rb8 32. Ra1 Bf6 33. Ra3 Rh7 34.
Rb3 Bd8 35. Kf3 Bc7 36. Rg1 Rh2 37. g4 fxg4+ 38. Rxg4+ Kf6 39. Be4 Rf8 40. Ke2
Ke7 41. Rg7+ Kd8 42. Rg2 Rxg2 43. Bxg2 Rf4 44. c4 Kd7 45. Ra3 Bd8 46. Ra1 Bh4
47. Bf3 Be7 1/2-1/2

[Event "8. Copenhagen Open Politiken Cup"]
[Site "Copenhagen"]
[Date "1986.??.??"]
[Round "4"]
[White "Ochsner, Thomas"]
[Black "Brinck Claussen, Bjorn"]
[Result "0-1"]
[WhiteElo "2275"]
[BlackElo "2375"]
[PlyCount "76"]
[EventDate "1986.??.??"]
[EventType "swiss"]
[EventRounds "10"]
[EventCountry "DEN"]
[SourceDate "2004.01.01"]

1. e4 e6 2. d4 d5 3. Nd2 c5 4. exd5 Qxd5 5. Ngf3 cxd4 6. Bc4 Qd6 7. O-O Nf6 8.
Nb3 Nc6 9. Nbxd4 Nxd4 10. Nxd4 a6 11. c3 Qc7 12. Bb3 Bd6 13. h3 Bd7 14. Qf3 O-O
15. Bg5 Be5 16. Rad1 h6 17. Bh4 Bc6 18. Nxc6 bxc6 19. Rd3 c5 20. Bc4 Nd7 21.
Re1 Bh2+ 22. Kh1 Ne5 23. Rxe5 Bxe5 24. Qe4 Kh8 25. Re3 Bf4 26. Rf3 Bg5 27. Bg3
Qe7 28. h4 f5 29. Qxe6 Bxh4 30. Rxf5 Qxe6 31. Bxe6 Bxg3 32. fxg3 Rxf5 33. Bxf5
Rb8 34. b3 a5 35. Kh2 Re8 36. a3 Re3 37. b4 Rxc3 38. bxc5 Rxa3 0-1

[Event "8. Copenhagen Open Politiken Cup"]
[Site "Copenhagen"]
[Date "1986.??.??"]
[Round "4"]
[White "Ostenstad, Berge"]
[Black "Hartung Nielsen, Jens"]
[Result "1-0"]
[WhiteElo "2370"]
[BlackElo "2290"]
[PlyCount "33"]
[EventDate "1986.??.??"]
[EventType "swiss"]
[EventRounds "10"]
[EventCountry "DEN"]
[SourceDate "2004.01.01"]

1. d4 d5 2. c4 e5 3. dxe5 d4 4. Nf3 Nc6 5. g3 Bg4 6. Bg2 Qd7 7. O-O O-O-O 8.
Qb3 Bh3 9. e6 Bxe6 10. Ne5 Qd6 11. Nxc6 bxc6 12. Qa4 Qc5 13. Na3 Ne7 14. Bd2
Bg4 15. b4 Qf5 16. Qxa7 Kd7 17. f3 1-0

[Event "8. Copenhagen Open Politiken Cup"]
[Site "Copenhagen"]
[Date "1986.??.??"]
[Round "4"]
[White "Sehner, Norbert"]
[Black "Sorensen, Henrik"]
[Result "1-0"]
[WhiteElo "2375"]
[BlackElo "2250"]
[PlyCount "97"]
[EventDate "1986.??.??"]
[EventType "swiss"]
[EventRounds "10"]
[EventCountry "DEN"]
[SourceDate "2004.01.01"]

1. c4 e5 2. g3 Nf6 3. Bg2 d6 4. Nc3 Nbd7 5. Nf3 Be7 6. O-O O-O 7. b3 c6 8. Bb2
a6 9. Qc2 Re8 10. d4 Bf8 11. dxe5 dxe5 12. Rad1 Qc7 13. Na4 Nc5 14. Nxc5 Bxc5
15. Qc3 Ne4 16. Qc1 Qb6 17. e3 f6 18. Ne1 Bf5 19. g4 Bg6 20. Nf3 Nd6 21. Ba3 a5
22. Rxd6 Bxd6 23. c5 Bxc5 24. Bxc5 Qc7 25. Rd1 Red8 26. Nh4 Rxd1+ 27. Qxd1 Rd8
28. Qc1 Bd3 29. Bf1 e4 30. Nf5 b6 31. Bd4 c5 32. Bc3 Qf7 33. Bxd3 exd3 34. Bd2
h5 35. h3 hxg4 36. hxg4 a4 37. Qc3 axb3 38. axb3 Kf8 39. Kg2 Qd5+ 40. f3 b5 41.
e4 Qe5 42. Qa5 Qb8 43. Qa6 b4 44. Bh6 Qe5 45. Bxg7+ Kf7 46. Qa7+ Kg6 47. Bf8
Qb2+ 48. Kh3 Kg5 49. Bh6+ 1-0

[Event "8. Copenhagen Open Politiken Cup"]
[Site "Copenhagen"]
[Date "1986.??.??"]
[Round "4"]
[White "Stein, Bernd"]
[Black "Rodgaard, John"]
[Result "1/2-1/2"]
[WhiteElo "2405"]
[BlackElo "2350"]
[PlyCount "38"]
[EventDate "1986.??.??"]
[EventType "swiss"]
[EventRounds "10"]
[EventCountry "DEN"]
[SourceDate "2004.01.01"]

1. e4 e6 2. d4 d5 3. Nc3 Bb4 4. e5 Ne7 5. a3 Bxc3+ 6. bxc3 b6 7. Qg4 Kf8 8. Bd3
Ba6 9. Ne2 c5 10. dxc5 bxc5 11. Bxa6 Nxa6 12. O-O Qc7 13. Qa4 Nb8 14. Rb1 Nd7
15. f4 h5 16. c4 Nb6 17. Qa5 d4 18. Rb5 Rc8 19. Ng3 Nxc4 1/2-1/2

[Event "8. Copenhagen Open Politiken Cup"]
[Site "Copenhagen"]
[Date "1986.??.??"]
[Round "4"]
[White "Varasdy, Imre"]
[Black "Kaspersen, Morten"]
[Result "1-0"]
[WhiteElo "2350"]
[BlackElo "2215"]
[PlyCount "51"]
[EventDate "1986.??.??"]
[EventType "swiss"]
[EventRounds "10"]
[EventCountry "DEN"]
[SourceDate "2004.01.01"]

1. d4 d5 2. c4 c6 3. Nf3 Nf6 4. Nc3 dxc4 5. a4 Bg4 6. Ne5 Bh5 7. f3 Nfd7 8.
Nxc4 e5 9. Ne4 Bb4+ 10. Bd2 Bxd2+ 11. Qxd2 O-O 12. dxe5 b5 13. axb5 cxb5 14.
Qd5 Nc6 15. Qxb5 Nd4 16. Qa4 Nb6 17. Nxb6 axb6 18. Qxa8 Nc2+ 19. Kf2 Qd4+ 20.
e3 Nxe3 21. Qa4 Nc4+ 22. Ke1 Qe3+ 23. Be2 Nxe5 24. Qa3 Qh6 25. Qe7 f6 26. Rd1
1-0